| 000 | 00552nam a22001697a 4500 | ||
|---|---|---|---|
| 008 | 160201b xxu||||| |||| 00| 0 eng d | ||
| 020 | _a9781285767710 | ||
| 082 |
_22015 _aDK12 004 _bM864 |
||
| 100 |
_92346 _aMorley, Deborah. |
||
| 245 |
_aUnderstanding computers in a changing society/ _cDeborah Morley. |
||
| 260 |
_aAustralia : _bCengage Learning , _cc2015 |
||
| 300 |
_axvi, 327 pages : _bsome color, illustrations ; _c27cm. |
||
| 500 | _aIncludes index. | ||
| 650 | 0 |
_92392 _aComputers |
|
| 650 | 0 |
_92348 _aComputer _xSocial aspect |
|
| 942 |
_2ddc _cBK |
||
| 999 |
_c853 _d853 |
||